Les Aspects financiers de l'enseignement dans les pays africains d'expression française / (Record no. 132927)

MARC details
000 -CABECERA
campo de control de longitud fija 00920nam a2200229 a 4500
005 - FECHA Y HORA DE LA ÚLTIMA TRANSACCIÓN
campo de control 20240622063732.0
008 - ELEMENTOS DE LONGITUD FIJA--INFORMACIÓN GENERAL
campo de control de longitud fija 080925s1966 mx r 000 0 spa d
035 ## - NÚMERO DE CONTROL DEL SISTEMA
Número de control de sistema UPN01000160814
049 ## - COLECCIÓN
Colección UNE
080 ## - NÚMERO DE CLASIFICACIÓN DECIMAL UNIVERSAL
Número de la Clasificación Decimal Universal 37.014. 543/.35 (6)=40 HAL No.3.
100 1# - ASIENTO PRINCIPAL--NOMBRE PERSONAL
Nombre de persona Hallak, Jacques,
Fechas asociadas al nombre 1937-
9 (RLIN) 28384
245 14 - MENCIÓN DE TÍTULO
Título Les Aspects financiers de l'enseignement dans les pays africains d'expression française /
Mención de responsabilidad, etc. Jacques Hallak, Raymond Poignant.
260 ## - PUBLICACIÓN, DISTRIBUCIÓN, ETC.
Lugar de publicación, distribución, etc. París :
Nombre del editor, distribuidor, etc. UNESCO;
-- Institu International de Planification de l'education,
Fecha de publicación, distribución, etc. 1966.
300 ## - DESCRIPCIÓN FÍSICA
Extensión 76 p. :
Otras características físicas il.
440 #0 - MENCIÓN DE SERIE/ASIENTO SECUNDARIO--TÍTULO
Título Monographies africaines ;
Designación de volumen o secuencia 3
690 ## - PUNTO DE ACCESO ADICIONAL DE MATERIA LOCAL--TÉRMINO DE MATERIA (OCLC, RLIN)
Término de materia o nombre geográfico como elemento inicial Finanzas de la educación - Africa francofona
690 ## - PUNTO DE ACCESO ADICIONAL DE MATERIA LOCAL--TÉRMINO DE MATERIA (OCLC, RLIN)
Término de materia o nombre geográfico como elemento inicial Africa francofona - Finanzas de la educación
690 ## - PUNTO DE ACCESO ADICIONAL DE MATERIA LOCAL--TÉRMINO DE MATERIA (OCLC, RLIN)
Término de materia o nombre geográfico como elemento inicial Costos educacionales - Africa francofona
700 1# - ASIENTO SECUNDARIO--NOMBRE DE PERSONAL
Nombre de persona Poignant, Raymond,
Término indicativo de función/relación coaut.
710 2# - ASIENTO SECUNDARIO - NOMBRE CORPORATIVO
Nombre de entidad corporativa o nombre de jurisdicción como elemento de entrada UNESCO.
Unidad subordinada International Institute for Educational Planning
905 ## - TIPO DE MATERIAL
Tipo de material UNESCO
Holdings
Estado de retiro Estado de pérdida Fuente del sistema de clasificación o colocación Estado dañado No para préstamo Código de colección Localización permanente Ubicación/localización actual Ubicación en estantería Fecha de adquisición Clasificación Código de barras Fecha visto por última vez Número de copia Tipo de ítem Koha
    Library of Congress Classification   Disponible (Préstamo en sala) UNESCO Bib. Gregorio Torres Quintero Bib. Gregorio Torres Quintero Colecciones especiales Planta alta 03/02/2023 37. 014. 543/.35 (6) =40 HAL No. 3 U5602 31/12/2020 1 Libro